Normal view
MARC view
- Eye - -
Entry Topical Term
001 - CONTROL NUMBER
- control field: 133923
003 - CONTROL NUMBER IDENTIFIER
- control field: NUST
005 - DATE AND TIME OF LATEST TRANSACTION
- control field: 20260407113131.0
008 - FIXED-LENGTH DATA ELEMENTS
- fixed length control field: 260407|| aca||aabn | a|a d
040 ## - CATALOGING SOURCE
- Original cataloging agency: NUST
- Transcribing agency: NUST
150 ## - HEADING--TOPICAL TERM
- Topical term or geographic name entry element: Eye - -
- Form subdivision: Diseases.
- General subdivision: Diagnosis
670 ## - SOURCE DATA FOUND
- Source citation: Work cat.: (NUST)616371: Khaw, Peng Tee 133418, ABC of eyes /, 1991.
